Classic Monster Movies Quiz Stats

 Plays Quiz Updated Nov 21, 2016

Score 0/29 Timer 06:00
2 Plays Today
Year Movie % Correct
1931Dracula
93.4%
1931Frankenstein
93.2%
1941The Wolf Man
58.1%
1935Bride of Frankenstein
56.3%
1932The Mummy
54.3%
1954Creature from the Black Lagoon
36.4%
1933The Invisible Man
32.5%
1925The Phantom of the Opera
30.7%
1939Son of Frankenstein
20%
1923The Hunchback of Notre Dame
18.3%
1943Son of Dracula
12.8%
1943Frankenstein Meets the Wolf Man
11.5%
1944House of Frankenstein
9.8%
1936Dracula's Daughter
9.3%
1945House of Dracula
9%
Year Movie % Correct
1948Abbott and Costello Meet Frankenstein
8.9%
1942The Ghost of Frankenstein
7.2%
1940The Mummy's Hand
6.3%
1940The Invisible Man Returns
6.2%
1944The Mummy's Curse
6.2%
1942The Mummy's Tomb
5.7%
1955Revenge of the Creature
5.6%
1956The Creature Walks Among Us
5.5%
1940The Invisible Woman
5.3%
1944The Mummy's Ghost
4.3%
1955Abbott and Costello Meet The Mummy
4.1%
1951Abbott and Costello Meet The Invisible Man
3.7%
1942Invisible Agent
3.6%
1944The Invisible Man's Revenge
2.8%

You're not logged in!

Compare scores with friends on all Sporcle quizzes.
OR
Log In

Sporcle TV

Today on Sporcle TV


Watch our educational content, quiz creation guides, and fun videos on Sporcle TV.

Show Comments

Extras

Top Quizzes Today


Score Distribution

Your Account Isn't Verified!

In order to create a playlist on Sporcle, you need to verify the email address you used during registration. Go to your Sporcle Settings to finish the process.

Report this User

Report this user for behavior that violates our Community Guidelines.

Details: